[Event "Bled op"]
[Site "Bled"]
[Date "1996.??.??"]
[Round "7"]
[White "Sveshnikov, Evgeny"]
[Black "David, Alberto"]
[Result "1-0"]
[WhiteElo "2565"]
[BlackElo "2455"]

1.e4 c5 2.c3 Nf6 3.e5 Nd5 4.Nf3 e6 5.Bc4 b6 6.O-O Bb7 7.d4 cxd4 8.Nxd4 Qc7
9.Qe2 a6 10.Rd1 g6 11.b3 Bg7 12.f4 b5 13.Bxd5 Bxd5 14.Ba3 Nc6 15.Nxc6 Bxc6
16.Nd2 Qb7 17.Nf1 Bf8 18.Bd6 Bxd6 19.Rxd6 O-O 20.Ne3 f6 21.exf6 Qb6 22.Rad1 Rxf6
23.R1d4 Qc5 24.Qe1 Raf8 25.b4 Qh5 26.Qg3 Qe2 27.Rd2 Qh5 28.R6d4 Qh6 29.Ng4 Qg7
30.Nxf6+ Rxf6 31.h3 Rf5 32.Re2 h6 33.Re5  1-0

[Event "Bled op"]
[Site "Bled"]
[Date "1996.??.??"]
[Round "8"]
[White "Sermek, Drazen"]
[Black "Sveshnikov, Evgeny"]
[Result "0-1"]
[WhiteElo "2535"]
[BlackElo "2565"]

1.e4 c5 2.c3 Nf6 3.e5 Nd5 4.Nf3 Nc6 5.d4 cxd4 6.cxd4 d6 7.Bc4 Nb6 8.Bb3 dxe5
9.d5 Na5 10.Nc3 Nxb3 11.Qxb3 e6 12.Nxe5 exd5 13.Be3 Bd6 14.Qb5+ Kf8 15.O-O-O Be6
16.Nf3 Rc8 17.Kb1 Rc6 18.Nd4 Rc4 19.Nxe6+ fxe6 20.Nxd5 exd5 21.Bxb6 axb6
22.Rxd5 Rc6 23.Re1 h5 24.Rd3 Rh6 25.Rf3+ Rf6 26.Qxh5 Be7 27.Rfe3 Rce6 28.Rd1 Rd6
29.Rde1 Rde6 30.Rd1 Qc7 31.Rc3 Rc6 32.Re3 Rxf2 33.a3 Rh6 34.Rf3+ Rxf3 35.Qxf3+ Rf6
36.Qh5 Qc5 37.Qh8+ Kf7 38.Rc1 Qd5  0-1

[Event "Bled op"]
[Site "Bled"]
[Date "1996.??.??"]
[Round "9"]
[White "Mestrovic, Zvonimir"]
[Black "Tukmakov, Vladimir B"]
[Result "0-1"]
[WhiteElo "2470"]
[BlackElo "2595"]

1.e4 c5 2.c3 Nf6 3.e5 Nd5 4.d4 cxd4 5.Nf3 Nc6 6.Bc4 Nb6 7.Bb3 g6 8.a4 d5
9.exd6 Qxd6 10.Na3 a6 11.O-O Bg7 12.Nxd4 Nxd4 13.cxd4 O-O 14.a5 Nd5 15.Nc4 Qd8
16.Bg5 Be6 17.Qd2 Rc8 18.Rac1 Nf6 19.Rfe1 Qd5 20.Rc3 Ne4 21.Nb6 Qxg5 22.Qxg5 Nxg5
23.Nxc8 Bxc8 24.Rxe7 Bxd4 25.Rc2 Bf6 26.Rec7 Bf5 27.Re2 Rb8 28.h3 Ne6 29.Rd7 Nd4
30.Rxf7 Nxe2+ 31.Kf1 Kh8 32.Rxf6 Nd4 33.Bd5 Nc6 34.Kg1 Nxa5 35.Rb6 Rd8 36.Bf3 Bc8
37.b3 Kg7 38.h4 Rd4 39.h5 gxh5 40.Bxh5 Rd3  0-1

[Event "Schneider mem op "]
[Site "Budapest"]
[Date "1996.??.??"]
[Round "?"]
[White "Krivolopov, Konstantin"]
[Black "Orso, Miklos"]
[Result "0-1"]
[WhiteElo "2320"]
[BlackElo "2410"]

1.e4 c5 2.c3 Nf6 3.e5 Nd5 4.g3 d6 5.exd6 Qxd6 6.Bg2 Nc6 7.Ne2 e5 8.O-O Nf6
9.d4 cxd4 10.cxd4 exd4 11.Bf4 Qd7 12.Na3 Bxa3 13.bxa3 O-O 14.Qd3 Nd5 15.Bc1 Nb6
16.Bb2 Rd8 17.Rad1 Na4 18.Ba1 Nc5 19.Qc4 b6 20.Bxc6 Qxc6 21.Nxd4 Qh6 22.Rfe1 Qh5
23.Rd2 Bb7 24.Qe2 Qd5 25.f3 h5 26.Qe5 Re8 27.Qxd5 Rxe1+ 28.Kf2 Bxd5 29.Kxe1 Re8+
30.Kf2 f6 31.Nf5 Be6 32.Ne3 Kf7 33.h4 Re7 34.Nd1 Bc4 35.Bd4 Rd7 36.Ke3 Re7+
37.Kf2 Nd3+ 38.Kg2 Rd7 39.Be3 Ne1+ 40.Kf2 Nd3+ 41.Kg1 Rd5 42.Nc3 Re5 43.Ne4 Rd5
44.Rc2 Ne5 45.Kf2 Ke6 46.Nd2 Bb5 47.Nb3 Kd7 48.Bd4 Nc6 49.Bc3 Ke6 50.Ke3 Rd3+
51.Ke4 Rd1 52.Rd2 Rf1 53.Ke3 Bc4 54.Nd4+ Nxd4 55.Kxd4 Ba6 56.Ke3 Bb7 57.Rf2 Rc1
58.Bb2 Rg1 59.Kf4 Bd5 60.g4 Rh1 61.Kg3 g6 62.gxh5 gxh5 63.Re2+ Kf7 64.Bd4 Rd1
65.Bf2 Rd3 66.Re3 Rd2 67.Rc3 Ke6 68.Re3+ Kd7 69.Be1 Rxa2 70.Kf4 Be6 71.Bb4 a5
72.Rd3+ Ke8 73.Bd2 Rc2 74.Ke3 Ke7 75.Rc3 Rb2 76.Rd3 Rb1 77.Rd4 Rb5 78.Rd3 Bc4
79.Rc3 Bd5 80.Kd4 Ba8 81.Re3+ Kd7 82.Bc3 Rf5 83.Rd3 Bxf3 84.Kc4+ Kc6 85.Re3 Bd5+
86.Kd3 Rf4 87.Rg3 Kc5 88.Ke3 Re4+ 89.Kd3 f5 90.Rg5 Rxh4 91.Bd2 Be4+ 92.Kc3 Rh3+
93.Kb2 Kc4 94.Rg6 Rh2 95.Kc1 h4 96.Bf4 Rh1+ 97.Kd2 b5  0-1

[Event "Schneider mem op "]
[Site "Budapest"]
[Date "1996.??.??"]
[Round "?"]
[White "Waller, Helmut"]
[Black "Farago, Sandor"]
[Result "0-1"]
[WhiteElo "2205"]
[BlackElo "2365"]

1.e4 c5 2.c3 Nf6 3.e5 Nd5 4.g3 d6 5.exd6 Qxd6 6.Bg2 Nc6 7.Ne2 g6 8.Na3 Nc7
9.O-O Bg7 10.Nc4 Qd3 11.Ne3 O-O 12.Nf4 Qd7 13.Re1 e6 14.Qe2 Rd8 15.h4 b6
16.Qg4 Bb7 17.h5 Ne5 18.Qh3 Bxg2 19.Qxg2 g5 20.h6 Bh8 21.Nh5 g4 22.Qe4 f5
23.Qf4 Qf7 24.Nxg4 Nxg4 25.Qg5+ Qg6 26.d3 Ne5 27.Kg2 Nxd3 28.Rd1 Qxg5 29.Bxg5 Rd5
30.c4 Rd7 31.Rd2 e5 32.Rad1 e4 33.Bf6 Kf7 34.Bxh8 Rxh8 35.Kf1 Ne6 36.f3 Rhd8
37.fxe4 fxe4 38.Kg2  0-1

[Event "Schneider mem op "]
[Site "Budapest"]
[Date "1996.??.??"]
[Round "?"]
[White "Krivolopov, Konstantin"]
[Black "Szekeres, Tibor"]
[Result "1-0"]
[WhiteElo "2320"]
[BlackElo "2255"]

1.e4 c5 2.c3 Nf6 3.e5 Nd5 4.g3 Nc6 5.Bg2 e6 6.Nf3 Be7 7.O-O O-O 8.d4 cxd4
9.cxd4 d6 10.exd6 Bxd6 11.Re1 Bb4 12.Re4 Be7 13.Nc3 Bf6 14.h4 Nxc3 15.bxc3 e5
16.Bg5 Bxg5 17.hxg5 Bf5 18.Re3 exd4 19.cxd4 Be6 20.Qa4 Bd5 21.Rc1 Re8 22.Rc5 Rxe3
23.fxe3 a6 24.Qc2 Nb4 25.Qb1 b6 26.Rc3 Nxa2 27.Ra3 Qe7 28.Rxa2 Qxe3+ 29.Rf2 Rc8
30.Qxb6 g6 31.Qb2 a5 32.Qd2 Rc1+ 33.Kh2 Qxd2 34.Rxd2 a4 35.Ne5 Bb3 36.d5 a3
37.d6 Ba4 38.d7 Bxd7 39.Nxd7 Kg7 40.Bd5 Rb1 41.Rf2  1-0

[Event "Budapest FS02 GM"]
[Site "Budapest"]
[Date "1996.??.??"]
[Round "1"]
[White "Acs, Peter"]
[Black "Varga, Peter"]
[Result "1/2-1/2"]
[WhiteElo "2440"]
[BlackElo "2420"]

1.e4 c5 2.c3 Nf6 3.e5 Nd5 4.d4 cxd4 5.Nf3 Nc6 6.Bc4 Nb6 7.Bb3 d5 8.exd6 Qxd6
9.O-O Be6 10.Bxe6 Qxe6 11.Nxd4 Nxd4 12.Qxd4 Rd8 13.Qh4 Qe2 14.Nd2 h5 15.h3 g5
16.Qg3 g4 17.h4 Bg7 18.Nb3 Nd5 19.Nd4 Qe5 20.Qd3 Rd7 21.Bg5 Nf4 22.Qd2 Ne6
23.Rfe1 Qa5 24.Nxe6 Rxd2 25.Nxg7+ Kf8 26.Bxd2 Kxg7 27.Rxe7 Qb5 28.Be3 Re8
29.Rxe8 Qxe8 30.Bxa7 Qe2 31.b3 f5 32.g3 f4 33.gxf4 Kf7 34.f5 Qf3 35.Bb8 Qxc3
36.Rd1 Qc8 37.Bg3 Qxf5 38.Rd4 Qb1+ 39.Kh2 Ke6 40.Rb4 Qh7 41.Rb5 Qf7 42.b4 Kf6
43.a4 Qd7 44.Rb6+ Kf5 45.a5 Ke4 46.b5 Kf3 47.a6 bxa6 48.bxa6 Qd1 49.a7 Qa1
50.Rb7 Ke2 51.Rb2+ Kf3 52.Rb3+ Ke2 53.Rb7 Qa6 54.Rc7 Qa1 55.Re7+ Kf1 56.Rd7 Qa3
57.Rd1+ Ke2 58.Rd5 Qxa7 59.Rxh5 Qb7 60.Ra5  1/2-1/2

[Event "HUN-ch"]
[Site "Budapest"]
[Date "1996.??.??"]
[Round "1"]
[White "Acs, Peter"]
[Black "Ruck, Robert"]
[Result "1/2-1/2"]
[WhiteElo "2410"]
[BlackElo "2465"]

1.e4 c5 2.c3 Nf6 3.e5 Nd5 4.d4 cxd4 5.Nf3 e6 6.cxd4 d6 7.a3 Bd7 8.Bd3 Bc6
9.O-O Nd7 10.Re1 Be7 11.b4 a6 12.Nbd2 Qc7 13.Bb2 O-O 14.Rc1 Rfd8 15.Be4 N7b6
16.Qc2 h6 17.Qb3 Qd7 18.Bb1 Rac8 19.Qd3 g6 20.Ne4 Bb5 21.Qd2 Kg7 22.Rxc8 Rxc8
23.Bc1 Rh8 24.exd6 Bxd6 25.Nc5 Qe7 26.Qc2 Bd7 27.h4 Bc8 28.h5 g5 29.Ne5 Bxe5
30.dxe5 Bd7 31.Re4 Bc6 32.Rg4 Kf8 33.Ne4 Nd7 34.Qb2 Rg8 35.Qd4 Qd8 36.Nc5 Nxc5
37.Qxc5+ Qe7 38.Qd4 Qc7 39.Re4 Ba4 40.Qc4 Qxc4 41.Rxc4 Ke7 42.Be4 Bc6 43.Bxd5  1/2-1/2

[Event "EUCup f"]
[Site "Budapest"]
[Date "1996.??.??"]
[Round "1"]
[White "Sveshnikov, Evgeny"]
[Black "Kveinys, Aloyzas"]
[Result "1-0"]
[WhiteElo "2535"]
[BlackElo "2530"]

1.e4 c5 2.c3 Nf6 3.e5 Nd5 4.Nf3 Nc6 5.Bc4 Nb6 6.Bb3 d5 7.exd6 Qxd6 8.Na3 Be6
9.O-O c4 10.Bc2 g6 11.b3 Bg7 12.Qe2 cxb3 13.axb3 O-O 14.d4 Bd5 15.Nc4 Nxc4
16.bxc4 Bxf3 17.Qxf3 Qc7 18.c5 Rfe8 19.Rd1 Rad8 20.Bg5 Rc8 21.Ba4 e6 22.Bf4 e5
23.Be3 exd4 24.cxd4 Rcd8 25.g3 Re6 26.d5 Bxa1 27.dxe6 Rxd1+ 28.Qxd1 Bg7 29.Bxc6 bxc6
30.Qd6 Qxd6 31.cxd6 fxe6 32.Bg5  1-0

[Event "Budapest FS11 GM"]
[Site "Budapest"]
[Date "1996.??.??"]
[Round "1"]
[White "Turov, Maxim"]
[Black "Berend, Fred"]
[Result "1-0"]
[WhiteElo "2410"]
[BlackElo "2425"]

1.e4 c5 2.c3 Nf6 3.e5 Nd5 4.Nf3 b6 5.Bc4 Bb7 6.O-O e6 7.d4 cxd4 8.Nxd4 a6
9.Re1 Qc7 10.Bb3 g6 11.Nd2 Bg7 12.Nc4 O-O 13.Nd6 Ne7 14.Nxb7 Qxb7 15.Bg5 Nbc6
16.Qf3 Qc7 17.Nxc6 Nxc6 18.Bf6 Bxf6 19.Qxf6 Qd8 20.Qf3 Qg5 21.Qe4 Rad8 22.Rad1 Kg7
23.Rd6 b5 24.f4 Qe7 25.Red1 Nb8 26.Qb7 g5 27.Qe4 gxf4 28.Bc2 f5 29.exf6+ Rxf6
30.Qxh7+ Kf8 31.Qh8+ Kf7 32.Qh5+ Kg7 33.Be4 Rg8 34.Qe5 Kf8 35.Rb6 Nc6 36.Bxc6 dxc6
37.Rxc6 Rf5 38.Qxe6 Qxe6 39.Rxe6 f3 40.Rd8+ Kf7 41.Rxg8 Kxe6 42.Rg6+ Kd5
43.gxf3 Rxf3 44.Rxa6 Rd3 45.Rf6  1-0

[Event "Spring op"]
[Site "Budapest"]
[Date "1996.??.??"]
[Round "2"]
[White "Nagy, Mihaly"]
[Black "Iosan, V."]
[Result "0-1"]
[WhiteElo "2095"]
[BlackElo "2320"]

1.e4 c5 2.c3 Nf6 3.e5 Nd5 4.d4 e6 5.Nf3 cxd4 6.cxd4 b5 7.Nc3 Nxc3 8.bxc3 a6
9.Bd3 Bb7 10.O-O Be7 11.Nd2 Nc6 12.f4 b4 13.Bb2 bxc3 14.Bxc3 Qb6 15.Nb3 Nb4
16.Be2 Nd5 17.Ba5 Qa7 18.Qd2 f5 19.Rfc1 Kf7 20.Bf3 Rhc8 21.Rxc8 Rxc8 22.Rc1 Qa8
23.Kf2 Bc6 24.Nc5 h6 25.Bxd5 Bxd5 26.Nxd7 Rxc1 27.Qxc1 Bxg2 28.Qe3 Bh4+ 29.Kg1 Bh1
30.Qe2 Bf3 31.Qd2 Qe4 32.Qb2 Qe3+ 33.Kf1 Qd3+  0-1

[Event "Budapest FS07 IM"]
[Site "Budapest"]
[Date "1996.??.??"]
[Round "2"]
[White "Stevanovic, Vladan S"]
[Black "Szeberenyi, Adam"]
[Result "1/2-1/2"]
[WhiteElo "2300"]
[BlackElo "2130"]

1.e4 c5 2.c3 Nf6 3.e5 Nd5 4.d4 cxd4 5.Nf3 Nc6 6.Bc4 Nb6 7.Bb3 d5 8.exd6 Qxd6
9.Na3 a6 10.Nxd4 Nxd4 11.cxd4 Be6 12.O-O Bxb3 13.Qxb3 e6 14.d5 Nxd5 15.Qxb7 Rb8
16.Qa7 Qb6 17.Qxb6 Rxb6 18.Nc4 Rb8 19.b3 Be7 20.Bb2 Bf6 21.Bxf6 gxf6 22.Ne3 Nxe3
23.fxe3 Ke7 24.Rf4 f5 25.Raf1 Rhf8 26.Ra4 Rb6 27.Rff4 Rc6 28.Rfc4 Rfc8 29.Rxc6 Rxc6
30.Kf2 Kf6 31.Ke2 Rc2+ 32.Kf3 Rc6 33.Rh4 Kg6 34.Ra4 Kf6 35.Ra5 h6 36.Ke2 Rc2+
37.Kf3 Rc6 38.Ra4 Kg5 39.Kg3 Kf6 40.Kf3 Kg5 41.Ra5 h5 42.b4 Kf6 43.g3 e5
44.h3 Ke6 45.a3 f6 46.h4 Kd6 47.Ke2 Ke6 48.Kd3 Kd6 49.a4 Kc7 50.b5 axb5 51.axb5 Rc5
52.Ra6 Rxb5 53.Kc4 Rb1 54.Rxf6 Rf1 55.Kd5 e4 56.Ke5 Rf3 57.Rxf5 Rxe3 58.Rxh5 Rxg3
59.Kxe4 Kd6 60.Kf4 Rg1 61.Rh7 Ke6  1/2-1/2

[Event "Budapest FS04 GM"]
[Site "Budapest"]
[Date "1996.??.??"]
[Round "2"]
[White "Keitlinghaus, Ludger"]
[Black "Kozlov, Oleg"]
[Result "1/2-1/2"]
[WhiteElo "2475"]
[BlackElo "2370"]

1.e4 c5 2.c3 Nf6 3.e5 Nd5 4.g3 d6 5.exd6 e6 6.Bg2 Bxd6 7.Nf3 O-O 8.O-O Nc6
9.d4 cxd4 10.Nxd4 Nxd4 11.Qxd4 Qc7 12.Nd2 Bd7 13.Nb3 Bc6 14.Qd3 Ne7 15.Bd2 Rfd8
16.Rad1 a6 17.Bxc6 Nxc6 18.Qe4 Rac8 19.Bg5 Re8 20.Nd4 Ne5 21.Nf3 h6 22.Nxe5 Bxe5
23.Be3 Red8 24.Qb4 b5 25.a4 Rxd1 26.Rxd1 Qc4 27.Qxc4 bxc4 28.a5 Bc7 29.Bb6 Bxb6
30.axb6 Rb8 31.Rd6 Kf8 32.Rc6 a5 33.h4 Ke8 34.h5 Rb7 35.Kg2 Kd7 36.Rxc4 Rxb6
37.b4 axb4 38.cxb4 Rb5 39.Rg4 Ke7 40.Rxg7 Rxb4 41.Rh7 Kf8 42.Rh8+ Kg7 43.Ra8 Kf6
44.f3 Rb2+ 45.Kh3 Rf2 46.Kg4 Rh2 47.Ra5 Kg7 48.Kf4 Rh1 49.g4 Rg1 50.Ra7 Kf6
51.Ra6 Rg2 52.Rb6 Ra2 53.Kg3 Ra3 54.Rc6 Kg5 55.Rc8 Kf6 56.Rc6  1/2-1/2

[Event "Budapest FS03 IM"]
[Site "Budapest"]
[Date "1996.??.??"]
[Round "2"]
[White "Shovunov, Baatr"]
[Black "Stillger, Bernhard"]
[Result "0-1"]
[WhiteElo "2300"]
[BlackElo "2310"]

1.e4 c5 2.c3 Nf6 3.e5 Nd5 4.Bc4 Nb6 5.Bb3 Nc6 6.Nf3 d5 7.exd6 Qxd6 8.Na3 Be6
9.O-O Bxb3 10.axb3 a6 11.Nc4 Qd8 12.Nxb6 Qxb6 13.d4 cxd4 14.Nxd4 Nxd4 15.Be3 Qxb3
16.Qxd4 Rd8 17.Qg4 h5 18.Qe4 h4 19.Qg4 Qe6 20.Qb4 Qd5 21.h3 e5 22.Qb6 Rd6
23.Qc7 Rd7 24.Qb6 Rd6 25.Qa7 Be7 26.c4 Qc6 27.Qb8+ Bd8 28.Ra5 O-O 29.Rc5 Qd7
30.Rc8 Rc6 31.Rxc6 Qxc6 32.Qxe5 Qxc4 33.Rc1 Bf6 34.Qh5 Qb3 35.Qf5 Qxb2 36.Rb1 Qe5
37.Qxe5 Bxe5 38.Rxb7 Ra8 39.Bb6 a5 40.Bc5 Rb8 41.Rxb8+ Bxb8 42.Kf1 f6 43.Ke2 Kf7
44.Kd3 Ke6 45.Kc4 Bd6 46.Be3 a4 47.Bc1 a3 48.Kb3 Kd5 49.Bd2 Kd4 50.Be1 Kd3
51.f4 Ke2 52.Bxh4 Bxf4 53.Kxa3 g5  0-1

[Event "Budapest FS11 GM"]
[Site "Budapest"]
[Date "1996.??.??"]
[Round "3"]
[White "Turov, Maxim"]
[Black "Cao Sang"]
[Result "1/2-1/2"]
[WhiteElo "2410"]
[BlackElo "2445"]

1.e4 c5 2.c3 Nf6 3.e5 Nd5 4.Nf3 Nc6 5.d4 cxd4 6.Bc4 Nb6 7.Bb3 g6 8.O-O Bg7
9.cxd4 O-O 10.Qe2 d6 11.h3 Na5 12.Bc2 Be6 13.Rd1 Bc4 14.Qe1 Nc6 15.Nc3 dxe5
16.dxe5 Qc7 17.Bf4 Rad8 18.Bg3 Qc8 19.a3 Be6 20.Qe2 Nc4 21.Bd3 N4a5 22.Qe3 Bf5
23.Be2 Qe6 24.Nb5 Qb3 25.Qxb3 Nxb3 26.Rxd8 Rxd8 27.Rd1 Rxd1+ 28.Bxd1 Nba5
29.Be2 a6 30.Nbd4 Be4 31.Nxc6 Nxc6 32.Nd2 Bd5 33.Bf3 Bxf3 34.Nxf3 Kf8 35.Kf1 Ke8
36.Ke2 Kd7 37.Kd3 h6 38.Kc4 e6 39.Kd3 Ne7 40.Bf4 g5 41.Bd2 Ng6 42.Ke4 Kc6
43.g3 Kc5 44.Bb4+ Kb6 45.Bd6 Kc6 46.Bb4 Kb6 47.Bd2 Kc5 48.Bb4+ Kb6  1/2-1/2

[Event "Budapest FS07 GM"]
[Site "Budapest"]
[Date "1996.??.??"]
[Round "3"]
[White "Zifroni, Dov"]
[Black "Cao Sang"]
[Result "0-1"]
[WhiteElo "2490"]
[BlackElo "2445"]

1.e4 c5 2.c3 Nf6 3.e5 Nd5 4.Nf3 Nc6 5.d4 cxd4 6.Bc4 Nb6 7.Bb3 g6 8.Ng5 d5
9.exd6 e6 10.Qf3 Ne5 11.Qe2 Bg7 12.f4 Nc6 13.f5 d3 14.Qe3 gxf5 15.Bxe6 O-O
16.Bxc8 Rxc8 17.Qxd3 Re8+ 18.Kf2 Ne5 19.Qxf5 h6 20.Nf3 Qxd6 21.Rf1 Nd3+ 22.Kg1 Rc5
23.Qg4 Rc4 24.Qg3 Qxg3 25.hxg3 Re2 26.b3 Rg4 27.Kh2 Nxc1 28.Rxc1 Nd5 29.Kh3 f5
30.Rd1 Nf4+ 31.gxf4 Rexg2 32.Rd8+ Kh7 33.Ng5+ hxg5 34.Rd3 Rg1  0-1

[Event "Budapest FS12 IM"]
[Site "Budapest"]
[Date "1996.??.??"]
[Round "4"]
[White "Peredy, Ferenc"]
[Black "Sziebert, Adam"]
[Result "0-1"]
[WhiteElo "2305"]
[BlackElo "2300"]

1.e4 c5 2.c3 Nf6 3.e5 Nd5 4.d4 cxd4 5.Nf3 Nc6 6.Bc4 Nb6 7.Bb3 g6 8.Ng5 d5
9.exd6 e6 10.Qf3 Ne5 11.Qg3 Bg7 12.O-O O-O 13.cxd4 Nec4 14.Ne4 f5 15.Bg5 Qd7
16.Nbd2 fxe4 17.Nxc4 Nxc4 18.Bxc4 b5 19.Bb3 Bxd4 20.Rac1 Bb6 21.Qg4 Qxd6
22.Rxc8 Raxc8 23.Bxe6+ Kh8 24.Bxc8 Qc5 25.Bh4 Qxc8 26.Qxe4 Qc4 27.Qe7 Rf7
28.Qe5+ Kg8 29.Bg3 Bd4 30.Qe8+ Rf8 31.Qd7 Bxb2 32.Qxa7 h5 33.Qd7 h4 34.Bd6 Rf5
35.Re1 Rf7 36.Qe8+ Kh7 37.Be5 Bxe5 38.Qxe5 Qxa2 39.Rf1 Qc4 40.Rb1 b4 41.Qb2 Rb7
42.Rc1 Rd7 43.h3 Qf4 44.Re1 Rd4 45.Rc1 Rd2 46.Rc7+ Qxc7 47.Qxd2 Qe7 48.Qd5 Qe1+
49.Kh2 Qc3 50.Qe4 Qc7+ 51.Kg1 Qc1+ 52.Kh2 Qc7+ 53.Kg1 b3 54.Qxh4+ Kg8 55.Qf6 Qc1+
56.Kh2 Qc7+ 57.g3 Qf7 58.Qd4 Qb7 59.Qb2 Kf7 60.h4 Qb4 61.Kh3 Qc4 62.Qd2 Ke6
63.f4 Qc2 64.Qe3+ Kd5 65.Qe5+ Kc4 66.Qe6+ Kc3 67.Qe3+ Qd3 68.Qc1+ Kd4 69.Qb2+ Ke4
70.Qe5+ Kf3 71.Qb8 Qf5+  0-1

[Event "Budapest FS03 GM"]
[Site "Budapest"]
[Date "1996.??.??"]
[Round "4"]
[White "Acs, Peter"]
[Black "Dao Thien Hai"]
[Result "0-1"]
[WhiteElo "2440"]
[BlackElo "2560"]

1.e4 c5 2.c3 Nf6 3.e5 Nd5 4.d4 cxd4 5.Nf3 Nc6 6.Bc4 Nb6 7.Bb3 g6 8.Ng5 d5
9.exd6 e6 10.Qf3 Ne5 11.Qg3 Bg7 12.O-O O-O 13.Qh3 h5 14.Ne4 Nec4 15.cxd4 Nxd6
16.Bg5 f6 17.Bxe6+ Kh7 18.Nxd6 Qxd6 19.Bxc8 Raxc8 20.Be3 Rc2 21.Nc3 f5 22.Qf3 Qd7
23.Rab1 Na4 24.Nxa4 Qxa4 25.Qxb7 f4 26.b3 Qe8 27.Rbc1 Rf7 28.Qxf7 Qxf7 29.Rxc2 fxe3
30.fxe3 Qe7 31.Rf3 Kh6 32.h3 Bf6 33.Kf2 Bg5 34.Ke2 Qe4 35.Rd2 Be7 36.d5 Bb4
37.Rd3 Qe5 38.Rd4 Bc5 39.Rd2 Qh2 40.Kf2 Be7 41.Rd4 Qc7 42.Ke2 Bc5 43.Rc4 Qd6
44.e4 Bb6 45.Kd3 Qe5 46.Rc3 Qd4+ 47.Kc2 Qxe4+ 48.Rcd3 Bc5 49.Kd1 Qe5 50.a4 Qa1+
51.Ke2 Bb4 52.Rd1 Qe5+ 53.Re3 Qh2 54.Kd3 Qxg2 55.Kd4 Qc2 56.Rdd3 Bc5+ 57.Ke5 Bxe3
58.Rxe3 Qc7+ 59.Kd4 Kg5  0-1

[Event "Budapest FS04 GM"]
[Site "Budapest"]
[Date "1996.??.??"]
[Round "4"]
[White "Palkovi, Jozsef"]
[Black "Cao Sang"]
[Result "1/2-1/2"]
[WhiteElo "2480"]
[BlackElo "2455"]

1.e4 c5 2.c3 Nf6 3.e5 Nd5 4.d4 cxd4 5.Nf3 Nc6 6.Bc4 Nb6 7.Bb3 g6 8.O-O Bg7
9.Bf4 O-O 10.Re1 d5 11.exd6 exd6 12.Nxd4 Nxd4 13.cxd4 Qf6 14.Bg3 h5 15.Nc3 Bg4
16.Qd3 Rad8 17.Ne4 Qxd4 18.Qxd4 Bxd4 19.Bxd6 Rfe8 20.Bc7 Rc8 21.Bxb6 axb6
22.Nd6 Rxe1+ 23.Rxe1 Rc7 24.Nb5 Rd7 25.h3 Bf5 26.Nxd4 Rxd4 27.Re7 Kg7 28.Rxf7+ Kh6
29.Rxb7 Rd2 30.Rxb6 Rxb2 31.Ra6 h4 32.Ra4 Kg5 33.Rd4 Re2 34.Kf1 Re7 35.a4 Rb7
36.Bd1 Rb1 37.Ke2 Ra1 38.Bb3 Bc8 39.Rd5+ Kh6 40.Rd6 Bf5 41.Rd4 Kg5 42.f4+ Kf6
43.Kd2 Rg1 44.Bd5 Be6 45.Bf3 Ra1 46.Bc6 Kf5 47.Kc2 Ra3 48.Kb2 Rb3+ 49.Kc2 Ra3
50.Rb4 Ra2+ 51.Kc3 Ra3+ 52.Kb2 Ra2+ 53.Kc3 Ra3+ 54.Kd4 Kxf4 55.Kc5+ Kg3 56.Kb6 g5
57.a5 Bc8 58.Rb5 g4 59.hxg4 Bxg4 60.Rb2 Bc8 61.Bd5 Ra1 62.Rb3+ Kf2 63.Rf3+ Kg1
64.Rc3 Rb1+ 65.Ka7 Rb5 66.a6 Rxd5 67.Rxc8 Kxg2 68.Kb6 Rd6+ 69.Rc6 Rxc6+  1/2-1/2

[Event "EUCup f"]
[Site "Budapest"]
[Date "1996.??.??"]
[Round "4"]
[White "Kharlov, Andrei"]
[Black "Hulak, Krunoslav"]
[Result "1-0"]
[WhiteElo "2605"]
[BlackElo "2545"]

1.e4 c5 2.c3 Nf6 3.d3 Nc6 4.f4 d6 5.Nf3 g6 6.g3 Bg7 7.Bg2 O-O 8.Qc2 Rb8 9.a4 a6
10.O-O b5 11.axb5 axb5 12.h3 Ne8 13.f5 b4 14.g4 Nc7 15.Qf2 bxc3 16.bxc3 e6
17.Qg3 Ne5 18.Nxe5 Bxe5 19.Bf4 Bxf4 20.Qxf4 exf5 21.exf5 gxf5 22.gxf5 Kh8
23.Ra2 Rg8 24.Kh2 Bb7 25.Bxb7 Rxb7 26.Nd2 Nd5 27.Qf3 Qh4 28.Ne4 Re7 29.f6 Re6
30.c4 Nb4 31.Rg2 Rf8 32.Rfg1 Nxd3 33.Nxd6 Ne5 34.Rg8+  1-0

[Event "Budapest FS07 GM"]
[Site "Budapest"]
[Date "1996.??.??"]
[Round "5"]
[White "Pedersen, Daniel Vesterbaek"]
[Black "Cao Sang"]
[Result "0-1"]
[WhiteElo "2330"]
[BlackElo "2445"]

1.e4 c5 2.c3 Nf6 3.e5 Nd5 4.d4 cxd4 5.Nf3 Nc6 6.Bc4 Nb6 7.Bb3 g6 8.Ng5 d5
9.exd6 e6 10.Qf3 Ne5 11.Qe4 Bg7 12.cxd4 Nec4 13.O-O Nxd6 14.Qe2 O-O 15.Rd1 Bd7
16.Nc3 Nf5 17.Nf3 Bc6 18.Be3 Nd5 19.Rac1 Qd6 20.Ne4 Nf4 21.Qd2 Nh3+ 22.gxh3 Bxe4
23.Ng5 Bd5 24.Bf4 Qb6 25.Bxd5 exd5 26.Nf3 Rfe8 27.Bc7 Qa6 28.Qd3 Qxd3 29.Rxd3 Re2
30.Rc5 Rxb2 31.Rxd5 Rxa2 32.Rd7 a5 33.d5 a4 34.d6 a3 35.Kg2 Ra1 36.Nd2 Nh4+
37.Kg3 Rg1+ 38.Kf4 Ra4+ 39.Ne4 Ng2+ 40.Kf3 Ne1+ 41.Ke3 Bh6+ 42.f4 Bxf4+  0-1

[Event "Budapest FS03 GM"]
[Site "Budapest"]
[Date "1996.??.??"]
[Round "6"]
[White "Keitlinghaus, Ludger"]
[Black "Videki, Sandor"]
[Result "1-0"]
[WhiteElo "2475"]
[BlackElo "2460"]

1.e4 c5 2.c3 Nf6 3.e5 Nd5 4.Nf3 Nc6 5.Bc4 Nb6 6.Be2 g6 7.d4 cxd4 8.cxd4 Bg7
9.Nc3 O-O 10.Bf4 d5 11.exd6 exd6 12.h3 a6 13.O-O d5 14.Qd2 Be6 15.Rad1 Nd7
16.Rfe1 Re8 17.Bh6 Rc8 18.a3 b5 19.Bxg7 Kxg7 20.Bd3 Qf6 21.a4 b4 22.Ne2 a5
23.Ba6 Rc7 24.Nf4 Nb6 25.Rc1 Ra8 26.Bb7 Rxb7 27.Rxc6 Nc4 28.Qc1 Re8 29.b3 Nb6
30.Ng5 Kg8 31.Nfxe6 fxe6 32.Rcxe6 Rbe7 33.Rxe7 Rxe7 34.Rxe7 Qxe7 35.Nf3 Qe4
36.Qc6  1-0

[Event "Budapest FS11 GM"]
[Site "Budapest"]
[Date "1996.??.??"]
[Round "8"]
[White "Turov, Maxim"]
[Black "Estrada Nieto, Julian"]
[Result "1-0"]
[WhiteElo "2410"]
[BlackElo "2360"]

1.e4 c5 2.c3 Nf6 3.e5 Nd5 4.Nf3 Nc6 5.Bc4 Nb6 6.Be2 d5 7.exd6 Qxd6 8.d3 g6
9.Be3 Bg7 10.Nbd2 f5 11.Nb3 Nd7 12.d4 f4 13.Bd2 cxd4 14.Nbxd4 Nxd4 15.cxd4 Nb6
16.Bb5+ Kf8 17.O-O Bf6 18.Re1 g5 19.Ne5 Bf5 20.Qh5 Qd5 21.Bxf4 gxf4 22.Qxf5 Rg8
23.Bf1 Qxd4 24.Rad1 Qxb2 25.Nd3 Qxa2 26.Nxf4 Kg7 27.Bd3 Rh8 28.Nh5+ Kf7 29.Rxe7+  1-0

[Event "Budapest FS04 GM"]
[Site "Budapest"]
[Date "1996.??.??"]
[Round "8"]
[White "Palkovi, Jozsef"]
[Black "Kozlov, Oleg"]
[Result "1-0"]
[WhiteElo "2480"]
[BlackElo "2370"]

1.e4 c5 2.c3 Nf6 3.e5 Nd5 4.Nf3 e6 5.Bc4 Ne7 6.d4 b6 7.Qe2 Bb7 8.O-O Nbc6
9.Nbd2 cxd4 10.cxd4 Rc8 11.b3 Nb4 12.Ne4 Nf5 13.a3 Nc6 14.Rd1 Na5 15.Bg5 Be7
16.d5 Nxc4 17.bxc4 O-O 18.g4 Bxg5 19.gxf5 Be7 20.dxe6 Bh4 21.Nd4 Bxe4 22.Qxe4 Qg5+
23.Kh1 Bxf2 24.f6 Bxd4 25.Qxd4 Rc6 26.Rac1 Qh5  1-0

[Event "Budapest FS02 GM"]
[Site "Budapest"]
[Date "1996.??.??"]
[Round "8"]
[White "Acs, Peter"]
[Black "Fancsy, Imre"]
[Result "1-0"]
[WhiteElo "2440"]
[BlackElo "2365"]

1.e4 c5 2.c3 Nf6 3.e5 Nd5 4.d4 cxd4 5.Nf3 e6 6.cxd4 b6 7.Nc3 Nxc3 8.bxc3 Qc7
9.Bd2 Bb7 10.Bd3 d6 11.O-O Nd7 12.Re1 dxe5 13.Ng5 Be7 14.Qh5 Bxg5 15.Qxg5 O-O
16.dxe5 Rfd8 17.Qh4 Nf8 18.Re3 Ba6 19.c4 Ng6 20.Qg3 Bxc4 21.Rc1 b5 22.Bb4 Rac8
23.h4 Qb7 24.Bb1 Ne7 25.Bd6 Nf5 26.Bxf5 exf5 27.Qg5 h6 28.Qxf5 Bxa2 29.Rxc8 Rxc8
30.Rg3 Kh8 31.Qg4 g6 32.Qf4 Kh7 33.h5 Be6 34.hxg6+ fxg6 35.Bf8 Bf5 36.Qxh6+ Kg8
37.Ba3 Qe4 38.e6 Rc2 39.Qf8+ Kh7 40.Qf7+ Kh8 41.Be7  1-0

[Event "Budapest FS05 GM"]
[Site "Budapest"]
[Date "1996.??.??"]
[Round "9"]
[White "Proehl, Holger"]
[Black "Dao Thien Hai"]
[Result "1/2-1/2"]
[WhiteElo "2300"]
[BlackElo "2560"]

1.e4 c5 2.c3 Nf6 3.e5 Nd5 4.g3 d6 5.exd6 e6 6.Bg2 Bxd6 7.Nf3 Nc6 8.O-O O-O
9.d4 cxd4 10.Nxd4 Bc5 11.Nb3 Be7 12.N1d2 Qc7 13.Nf3 b5 14.Nbd4 Rb8 15.Re1 Bf6
16.Nxc6 Qxc6 17.Bg5 Bb7 18.Nd4 Qc4 19.Bxf6 Nxf6 20.Bxb7 Rxb7 21.a3 h6 22.Qf3 Qd5
23.Rad1 Qxf3 24.Nxf3 Nd5 25.Ne5 Rc8 26.f4 g6 27.Re2 Kg7 28.Rd4 Rcc7 29.Kf2 Rb6
30.Nd3 Ne7 31.Ne5 Rb8 32.Red2 Nd5 33.Kf3 Rbb7 34.Kf2 g5 35.f5 Kf6 36.fxe6 fxe6
37.Ng4+ Kg7  1/2-1/2

[Event "Budapest FS09 IM"]
[Site "Budapest"]
[Date "1996.??.??"]
[Round "10"]
[White "Galyas, Miklos"]
[Black "Dudas, Janos"]
[Result "0-1"]
[WhiteElo "2290"]
[BlackElo "2395"]

1.e4 c5 2.c3 Nf6 3.e5 Nd5 4.d4 cxd4 5.Nf3 e6 6.cxd4 b6 7.Bd3 Bb7 8.O-O d6
9.Nc3 Nxc3 10.bxc3 Qc7 11.Bf4 Be7 12.Re1 Nd7 13.Rc1 O-O 14.Bb1 Rfd8 15.Qd3 g6
16.Qe3 dxe5 17.Nxe5 Bd6 18.Qg3 Nxe5 19.dxe5 Ba3 20.Rcd1 Rxd1 21.Rxd1 Rd8
22.Rxd8+ Qxd8 23.Bc2 Qd5 24.Bb3 Qe4 25.h4 Qe1+ 26.Kh2 Bc5 27.Be3 Qxc3 28.Qg5 Bxe3
29.fxe3 Qd2 30.h5 h6 31.Qg4 g5 32.Bxe6 Qxg2+  0-1

[Event "Budapest FS02 GM"]
[Site "Budapest"]
[Date "1996.??.??"]
[Round "10"]
[White "Acs, Peter"]
[Black "Enders, Peter"]
[Result "1/2-1/2"]
[WhiteElo "2440"]
[BlackElo "2495"]

1.e4 c5 2.c3 Nf6 3.e5 Nd5 4.d4 cxd4 5.Nf3 Nc6 6.Bc4 Nb6 7.Bb3 d5 8.exd6 Qxd6
9.O-O Be6 10.Bxe6 Qxe6 11.Nxd4 Nxd4 12.Qxd4 Rd8 13.Qh4 h5 14.h3 g6 15.Na3 Rd7
16.Bg5 f6 17.Be3 Kf7 18.Rfe1 Qc6 19.Bxb6 axb6 20.Rad1 Rxd1 21.Rxd1 e6 22.Nc4 Be7
23.Qf4 Kg7 24.b3 Rc8 25.a4 b5 26.Na5 Qxc3 27.Rd7 Qc1+ 28.Qxc1 Rxc1+ 29.Kh2 Kf8
30.Nxb7 Rb1 31.Rc7 Rxb3 32.a5 Ra3 33.Rc6 e5 34.a6 h4 35.Nd6 Bxd6 36.Rxd6 Ke7
37.Rb6 g5 38.Rxb5 Rxa6 39.g4 hxg3+ 40.Kxg3 Ra3+ 41.Kg4 Kf7 42.f3 Kg6 43.Rb6 Rc3
44.Ra6 Rd3 45.Rb6 Rd4+ 46.Kg3 Kf5 47.Rb5 Ke6 48.Rb6+ Rd6 49.Rb8 f5 50.Re8+ Kf6
51.Rf8+ Kg6 52.Rg8+ Kh5 53.Rh8+ Kg6 54.Re8 Rd2 55.Rg8+ Kh5 56.Rh8+ Kg6 57.Rg8+ Kh6
58.h4 f4+ 59.Kg4 gxh4 60.Kf5 Rd7  1/2-1/2